000
00318nam a22001337a 4500
008
170316b xxu||||| |||| 00| 0 eng d
020
_a
9780896034136
041
_a
eng
080
_a
616.8
100
_a
7
101
_a
SHM
245
_a
CELL DEATH AND DISEASES OF THE NERVOUS SYSTEM
_c
KOLIATSOS.V.E
942
_2
udc
_c
BK
999
_c
8021
_d
8021